00804nam a22002177a 450000500170000001000150001702000270003203500140005903700130007308200100008610000160009624501120011226000440022427000680026830000320033650000190036870000180038794200240040599900190042995201380044820170818164927.0 aENG-119674 a9789386288578c1060.00 aEN-103206 bDBAD/PUB a005.8 aDilpraj, E. aCyber enigma :cby E. Dilipraj ; introduction by Vinod Patneybunravelling the terrors in the cyber world / aNew DelhibKW Publishers Pvt. Ltdc2017 a4676/21, First Floor, Ansari Road, DaryaganjbNew Delhie110002 axxii,262p.:c24cm(Hb)bill. aIncludes index aPatney, Vinod 2ddccENh005.8mDIL c143274d143274 001040718NFICaDBADbDBADd2017-08-11eDBAD/PUBg1060.00l0o005.8 DILpEN-103206r2017-08-11 00:00:00t1v1060.00w2017-08-11yEN